000 00506nam a2200157Ia 4500
008 151021s9999 xx 000 0 und d
020 _a9.7802736816e+012
050 _aHF5549.M883 2007
245 _a_Strategic Human Resource management Contemporary issues Mike Millmore
260 _aEngland Pearson Education ltd 2007
300 _axxiv,494p.:ill
500 _aIncludes index.
650 _a_Strategic human resource management
700 _a_Philip Lewis
980 _a^d20110126 11:15:16^oanne
999 _c6440
_d6440